MATHEMATICS FOR TECHNICAL STUDENTS (Record no. 579123)
[ view plain ]
| 000 -LEADER | |
|---|---|
| fixed length control field | 00251nam a22001097a 4500 |
| 082 ## - DEWEY DECIMAL CLASSIFICATION NUMBER | |
| Classification number | 515.07 GAS'M |
| 100 ## - MAIN ENTRY--PERSONAL NAME | |
| Personal name | GASSON, J.D.N |
| 9 (RLIN) | 39039 |
| 245 ## - TITLE STATEMENT | |
| Title | MATHEMATICS FOR TECHNICAL STUDENTS |
| 260 ## - PUBLICATION, DISTRIBUTION, ETC. | |
| Place of publication, distribution, etc. | USA |
| Name of publisher, distributor, etc. | CAMBRIDGE |
| Date of publication, distribution, etc. | 1951 |
| 300 ## - PHYSICAL DESCRIPTION | |
| Extent | 431P |
| 942 ## - ADDED ENTRY ELEMENTS (KOHA) | |
| Koha item type | Book |
| Withdrawn status | Lost status | Damaged status | Not for loan | Permanent Location | Current Location | Shelving location | Date acquired | Total Checkouts | Full call number | Barcode | Date last seen | Price effective from | Koha item type |
|---|---|---|---|---|---|---|---|---|---|---|---|---|---|
| College of Electrical & Mechanical Engineering (CEME) | College of Electrical & Mechanical Engineering (CEME) | General Stacks | 04/19/2017 | 515.07 GAS'M | CEME-16574 | 06/28/2021 | 06/28/2021 | Book |
